Ábel a világkorban
Elmentve itt :
| Szerző: | |
|---|---|
| Adatforrás: | Meister |
| Forrásdokumentuma: | Korunk. - 3 sz., 1998, 72-81 p. |
| Nyelv: | magyar |
| Kulcsszavak: | politika-filozófia kisebbségi sors globalizáció regionalizmus kisebbségi sors l.m; kisebbségi lét kisebbségi lét l.m: kisebbségi sors Kárpát-medence |
| LEADER | 00558nab a2200193 i 4500 | ||
|---|---|---|---|
| 001 | bibPRO00009031 | ||
| 008 | 060524s1998 xx hun | ||
| 040 | |a Sz1 | ||
| 041 | |a hun | ||
| 100 | 1 | |a BAJI Lázár Imre | |
| 245 | 1 | 0 | |a Ábel a világkorban |c BAJI Lázár Imre |
| 695 | |a politika-filozófia | ||
| 695 | |a kisebbségi sors | ||
| 695 | |a globalizáció | ||
| 695 | |a regionalizmus | ||
| 695 | |a kisebbségi sors l.m; kisebbségi lét | ||
| 695 | |a kisebbségi lét l.m: kisebbségi sors | ||
| 695 | |a Kárpát-medence | ||
| 773 | 0 | |t Korunk. - |g 3 sz., 1998, 72-81 p. | |